Situación límite /

Guardado en:
Formato: Objeto Físico
Publicado: Argentina : Antex andina, [1988?]
Materias:
Etiquetas: Agregar Etiqueta
Sin Etiquetas, Sea el primero en etiquetar este registro!
LEADER 00807nrm a22001575g 4500
001 CEM.cems019169
008 130507s1988##################0###0#####d
005 20220829201229.0
003 CEMS
245 0 0 |a Situación límite /  |c Sallent Hermanos. 
260 |a Argentina :  |b Antex andina,  |c [1988?] 
300 |a 1 juego (1 tablero, 288 cartas, 24 tarjetas de respuesta, 6 peones) ; en caja 38 x 28 x 6 cm. + manual de instrucciones. 
500 |a Para 2 a 6 jugadores a partir de 14 años y adultos objetivo: un jugador plantea una situación, sus compañeros de juego intentarán adivinar cuál de las cuatro opciones de respuesta elige. Quién llegue primero al final del recorrido sería el ganador. 
082 J 7 |3 .73 
653 |a 1. juegos de preguntas y respuestas 
859 |a CEMS  |b BIB. CEMS - Ludoteca  |h J793.73  |p 072.92  |t Ej.1